Islamic Renaissance (Record no. 10684)
[ view plain ]
| 000 -LEADER | |
|---|---|
| fixed length control field | 00574nam a2200229 a 4500 |
| 020 ## - INTERNATIONAL STANDARD BOOK NUMBER | |
| ISBN | |
| 082 00 - DEWEY DECIMAL CLASSIFICATION NUMBER | |
| Classification number | 297.7 |
| Author Cutter | THA1 |
| 100 ## - MAIN ENTRY--AUTHOR NAME | |
| Author name | Thanwi, Ashraf Ali |
| 245 ## - TITLE STATEMENT | |
| Title | Islamic Renaissance |
| Sub title | Muslim Revival and Awakening |
| 260 ## - PUBLICATION, DISTRIBUTION, ETC. (IMPRINT) | |
| Place of publication | Delhi |
| Name of publisher | Adam Publishers |
| Year of publication | 1997 |
| 300 ## - PHYSICAL DESCRIPTION | |
| Number of Pages | 224p |
| 500 ## - GENERAL NOTE | |
| General note | includes index and biblioraphy |
| 650 ## - SUBJECT ADDED ENTRY--TOPICAL TERM | |
| Topical Term | Dawah-Islam |
| 942 ## - ADDED ENTRY ELEMENTS (KOHA) | |
| Koha item type | Books |
| 700 1# - | |
| -- | Thanwi, Ashraf Ali |
| Collection code | Home library | Current library | Date acquired | Cost, normal purchase price | Full call number | Accession Number | Koha item type |
|---|---|---|---|---|---|---|---|
| Henry Martyn Institute Library | Henry Martyn Institute Library | 07/12/2007 | 80.00 | 297.7 THA1 | 018258 | Books |
